Normal view MARC view

Entry Personal Name

Number of records used in: 2

001 - CONTROL NUMBER

  • control field: 169094

003 - CONTROL NUMBER IDENTIFIER

  • control field: OSt

005 - DATE AND TIME OF LATEST TRANSACTION

  • control field: 20220923230644.0

008 - FIXED-LENGTH DATA ELEMENTS

  • fixed length control field: 220923|| aca||aabn | a|a d

040 ## - CATALOGING SOURCE

  • Original cataloging agency: OSt
  • Transcribing agency: OSt

100 ## - HEADING--PERSONAL NAME

  • Personal name: शास्त्री, हरिदत्त; कृष्णकुमार

670 ## - SOURCE DATA FOUND

  • Source citation: Work cat.: (OSt)386310: शास्त्री, हरिदत्त; कृष्णकुमार, ऋक् - सुक्त - संग्रह, 1985
Copyright @ Delhi University Library System